000 00664nam a2200205Ii 4500
003 JO-AjNU
008 230606s9999||||xx |||||||||||||| ||und||
020 _a978-0-07-065690-1 / 0-07-065690-8
040 _aJO-AjNU
_beng
_erda
_cJO-AjNU
041 _aeng
050 1 4 _aHG151 2008
100 3 _aSubramanyam,Pratap G,
_eauthor
_91372
245 0 0 _aInvestment Banking: Concepts, Analyses and Cases
264 3 1 _aNew Delhe : Tata Mc Graw Hill Publishing company Limited,2008
300 _aCh
_b Includes indexes
336 _atext
_btxt
_2rdacontent
337 _aunmediated
_bn
_2rdamedia
338 _avolume
_bnc
_2rdacarrier
650 4 _aInvestment Banking
_91373
999 _aE724
_c724
_d724